Instituciones de derecho privado

Salvato in:
Dettagli Bibliografici
Autore principale: Candian, Aurelio (Autore)
Natura: Libro
Lingua:spagnolo
Pubblicazione: Ciudad de México UTEHA 1961
Soggetti:
Tags: Aggiungi Tag
Nessun Tag, puoi essere il primo ad aggiungerne!!

MARC

LEADER 00000nam a2200000 a 4500
001 UCS1369
003 CL-VaPUC
008 970509e19610000MX |||||||||||||||||spa|d
082 0 4 |a 346.45  |b CAN  |2 21 
100 0 |a Candian, Aurelio  |e author  |9 385760 
245 1 0 |a Instituciones de derecho privado 
300 |a 552 p 
942 |c BK 
945 |d 19970509 00:00:00  |a paguirre 
260 |a Ciudad de México  |b UTEHA  |c 1961 
650 0 |a Derecho civil  |9 255013 
650 0 |a Derecho privado  |9 258243 
650 0 |a Normas jurídicas  |9 258310 
650 0 |a Personas jurídicas  |9 257259 
650 7 |a HECHO JURIDICO  |2 CL-VaPUC  |9 384051 
650 0 |a Contratos  |9 255153 
650 0 |a Derecho de familia  |9 255603 
650 0 |a Familias   |9 255641 
650 0 |a Filiación  |9 256647 
650 0 |a Obligaciones   |9 255578 
650 0 |a Propiedad   |9 255268 
650 0 |a Usufructo  |9 256763 
650 7 |a SERVIDUMBRES  |2 CL-VaPUC  |9 256762 
650 0 |a Relación jurídica  |9 381220 
651 0 |a Italia  |9 254949 
583 |a last modification  |c 20150714 02:21:31  |k Rodrigo Vera 
999 |c 259464  |d 259462 
952 |0 0  |1 0  |2 ddc  |4 0  |6 346_450000000000000_CAN_1961  |7 0  |8 A  |9 284198  |a BIBDER  |b BIBDER  |d 2019-11-19  |i 1845691  |o 346.45 CAN 1961  |p 1845691  |r 2019-11-19  |w 2019-11-19  |y BK  |k DER 
952 |0 0  |1 0  |4 0  |6 346_450000000000000_CAN_1961  |7 0  |8 A  |9 284200  |a BIBDER  |b BIBDER  |d 2019-11-19  |i 4123506  |l 1  |o 346.45 CAN 1961  |p 4123506  |r 2023-05-25  |s 2023-05-25  |w 2019-11-19  |y BK  |k DER